02693njm a2200517Ia 450000100060000000300090000600500170001500800410003204000130007304000130008604100130009910000110011210000180012310000380014124500190017925000110019826000110020926000480022030000100026830000290027850001130030750501850042051100200060551100200062551100170064551100230066251100160068551100150070151100210071665000570073770000970079470001060089170000890099770001110108670000800119770000910127770000870136870001020145570000800155770000940163770001010173170000870183270000770191970000890199670000900208520784IT-RoPAU20220918181124.0131025s9999 xx 000 0 und d aIT-RoPAU cIT-RoPAU aITALIANO aAA.VV. eAutore musica gCodice autore musica SPICS: 12000 aNapoli (disco) a2a ed. aMILANO bFRATELLI FABBRI EDITORIc1982 [1a Ed.:1970] aDISCO c26 minuti (Testo: pag.) aLa canzone italiana. Città e paesi. Tarantella, sole, mare, bimbo nero, ricordo, amore, vicini, desiderio. aSimmo 'e Napule paisà (3:00) - Tammuriata nera (3:00) - La pansè (3:00) - Scapricciatiello (4:00) - Anema e core (4:00) - Guaglione (3:00) - Sciummo (4:00) - Accarezzame (4:00) aCigliano Fausto aSacco Giulietta aTaranto Nino aRondinella Giacomo aPizzi Nilla aBoni Carla aTogliani Achille aCANZONE ITALIAN [DISCHI]eCodice MATERIA SPICS: 9950 aFiorelli GiuseppedCodice autore musica SPICS: 13362eAutore musicapSimmo 'e Napule paisà aValente NicoladCodice autore testo/musica SPICS: 13463eAutore testo/musicapSimmo 'e Napule paisà aNicolardi EdoardodCodice autore musica SPICS: 13627eAutore musicapTammuriata nera aMario E.A. (Gaeta Giovanni)dCodice autore testo/musica SPICS: 13440eAutore testo/musicapTammuriata nera aRendine FuriodCodice autore musica SPICS: 13629eAutore musicapLa pansè aPisano LuigidCodice autore testo/musica SPICS: 13579eAutore testo/musicapLa pansè aVento PacificodCodice autore musica SPICS: 13630eAutore musicapScapricciatiello aAlbano FerdinandodCodice autore testo/musica SPICS: 13631eAutore testo/musicapScapricciatiello aManlio TitodCodice autore musica SPICS: 13497eAutore musicapAnema e core aD'Esposito S.dCodice autore testo/musica SPICS: 14017eAutore testo/musicapAnema e core aNisa (Salerno Nicola)dCodice autore musica SPICS: 13452eAutore musicapGuaglione - Accarezzame aFanciullidCodice autore testo/musica SPICS: 16044eAutore testo/musicapGuaglione aBonagura EnzodCodice autore musica SPICS: 13478eAutore musicapSciummo aConcina CarlodCodice autore testo/musica SPICS: 13632eAutore testo/musicapSciummo aCalvi PinodCodice autore testo/musica SPICS: 11589eAutore testo/musicapAccarezzame